000 00409pab a2200169 454500
008 180718b2013 xxu||||| |||| 00| 0 eng d
100 _aSingh, Gurmeet
245 _aWomen empowerment and sustainable development
260 _c2013
300 _ap.24-26.
362 _aAug
650 _aSustainable development
650 _aWomen
773 _aKurukshetra (English)
908 _aN
909 _a100831
999 _c100830
_d100830